| 000 | 01203cam a22001934a 4500 | ||
|---|---|---|---|
| 005 | 20250605164138.0 | ||
| 008 | 250528s ||||||||||||||||||||||||d | ||
| 035 | _a18871 | ||
| 040 |
_aGR-AtMCL _bgre _dGR-AtMCL _eAACR2 |
||
| 245 | 1 | _aThe Open Economy / Essays on International Trade and Finance | |
| 260 |
_bColumbia University Press, _c1968 |
||
| 300 | _a394 | ||
| 520 | _aSkills and Human Capital and Patterns of Foreign Trade, Wage Rates and Labor Skills and United States Foreign Trade, Toward a More General Theory of Capital and Trade, Adaptation and Growth and Trade, The Sources of Change in Export Performance: Britain and Germany, The Impact of Research and Development on United States Trade, Primary Products and Preferences and Economic Welfare: The EEC and Africa, International Financial Policies and the International Monetary System, The Optimum Policy Mix: Convergence and Consistency, Imports and Foreign Exchange and Economic Development: The Greek Experience, The Demand for International Reserves, Reserve-Asset Preferences Revisited, Index of Authors. | ||
| 700 | 1 |
_aKenen Peter B _93668 |
|
| 700 | 1 |
_aLawrence Roger _95146 |
|
| 942 | _cBK | ||
| 999 |
_c4177 _d4177 |
||